000 00555nam a2200229 a 4500
001 nice12345678
003 IN_TiNIC
005 20260116012337.0
008 050524s1982 kora grp 000 0 eng
020 _a
_c100
082 0 0 _a266
_bACC
245 _aVoices of Women
260 _aKorea
_bAsian Church Conference
_c1982
300 _a67p
500 _aincludes index and biblioraphy
505 2 _aCompiled By Dorothy M. Harvey
650 _aMissions
710 2 _aAsian Church Conference
902 _bSRS
942 _cBK
999 _c6640
_d6640